National Rail Stations for Every London Borough - Statistics

General Stats
  • This quiz has been taken 320 times
    150 since last reset
  • The average score is 24 of 33
Answers on the Map
Answers color-coded by a green-red scale on the quiz's map according to % correct below.
 
Answer Stats
Local Authority One of the answers % Correct
Camden Gospel Oak
90%
Lambeth Vauxhall
87%
City of London City Thameslink
86%
Westminster Victoria
86%
Richmond upon Thames Strawberry Hill
82%
Lewisham Lee
81%
Wandsworth Putney
81%
Southwark Queens Road Peckham
81%
Croydon Reedham
81%
Greenwich Kidbrooke
80%
Barking and Dagenham Dagenham Docks
79%
Islington Essex Road
76%
Tower Hamlets Limehouse
76%
Havering Upminster
76%
Sutton Belmont
75%
Kingston upon Thames Chessington North
75%
Newham Maryland
75%
Hillingdon West Ruislip
74%
Ealing Acton Main Line
72%
Bexley Bexley
72%
Hounslow Feltham
72%
Bromley Orpington
71%
Haringey Seven Sisters
71%
Merton Tooting
70%
Harrow Headstone Lane
68%
Hackney London Fields
66%
Kensington and Chelsea West Brompton
64%
Brent Wembley Stadium
63%
Waltham Forest Highams Park
62%
Enfield Meridian Water
61%
Hammersmith and Fulham Imperial Wharf
59%
Barnet New Southgate
57%
Redbridge Goodmayes
52%
No matching quizzes found
Score Distribution
Percent of People with Each Score
Percentile by Number Answered
Your Score History
You have not taken this quiz since the last reset